000 00423nam a2200169Ia 4500
008 221030s9999 xx 000 0 und d
020 _a8185814392
041 _aEnglish
082 _a105.23
_bEls
100 _aC. Elston
245 0 _aWord Perfect 5.1 Training Guide
_cby C. Elston, S. Orrell
260 _bWheelar Pub.
_aNew Delhi
_c1994
300 _a100
650 _aBE Computer
700 _aS. Orrell
942 _cBK
999 _c2530
_d2530